All Arkansas Cities on a Map - Statistics

General Stats
  • This quiz has been taken 26 times
    25 since last reset
  • The average score is 58 of 613
Answers on the Map
Answers color-coded by a green-red scale on the quiz's map according to % correct below.
 
Answer Stats
City Population % Correct
Fayetteville 103,134
100%
Little Rock 204,774
100%
Benton 38,088
94%
Bentonville 61,791
94%
Texarkana 28,897
94%
Jonesboro 82,384
88%
Fort Smith 90,507
82%
Conway 70,711
76%
Hot Springs 37,971
76%
Pine Bluff 38,785
76%
Springdale 89,368
76%
Rogers 75,639
65%
West Memphis 23,538
65%
El Dorado 16,657
59%
Harrison 13,723
59%
Jacksonville 29,129
59%
North Little Rock 64,498
59%
Russellville 29,442
59%
Mountain Home 13,348
53%
Ozark 3,601
53%
Siloam Springs 20,075
53%
Bella Vista 33,274
47%
Monticello 8,185
47%
Russell 185
47%
Searcy 23,997
47%
Arkadelphia 9,894
41%
Bald Knob 2,533
41%
Cabot 27,575
41%
Centerton 25,745
41%
Hope 8,465
41%
Paragould 30,680
41%
Van Buren 24,396
41%
Blytheville 12,359
35%
Clarksville 9,606
35%
Eureka Springs 2,188
35%
Magnolia 10,759
35%
Prairie Grove 8,589
35%
Stuttgart 7,638
35%
Warren 5,196
35%
Arkansas City 345
29%
Beebe 9,092
29%
Bryant 22,271
29%
Camden 10,116
29%
Clinton 2,501
29%
Forrest City 12,340
29%
Helena-West Helena 8,462
29%
Madison 717
29%
Monroe 11
29%
Nashville 3,984
29%
Newport 8,049
29%
Springfield 377
29%
Washington 90
29%
Batesville 11,539
24%
De Queen 6,069
24%
England 2,427
24%
Farmington 10,473
24%
Fordyce 3,174
24%
Heber Springs 7,313
24%
Hot Springs Village 16,509
24%
Lowell 11,568
24%
Marion 13,524
24%
Maumelle 19,541
24%
Mena 5,594
24%
Morrilton 7,185
24%
Pocahontas 7,703
24%
Sheridan 5,315
24%
Sherwood 33,281
24%
Trumann 7,425
24%
Alexander 3,792
18%
Alpena 390
18%
Bauxite 660
18%
Booneville 3,805
18%
Brookland 4,607
18%
Cave City 2,007
18%
Crossett 4,506
18%
Dardanelle 4,531
18%
Eudora 1,543
18%
Franklin 201
18%
Garfield 622
18%
Greenwood 9,730
18%
Greers Ferry 847
18%
Hamburg 2,384
18%
Houston 149
18%
Johnson 3,705
18%
Lake Village 1,856
18%
Lincoln 2,371
18%
Little Flock 3,040
18%
Malvern 11,082
18%
Mountain View 2,950
18%
Mount Ida 1,020
18%
Murfreesboro 1,458
18%
Paris 3,306
18%
Pea Ridge 10,190
18%
Salem 4,353
18%
Star City 2,067
18%
Walnut Ridge 5,508
18%
Ward 7,022
18%
White Hall 5,499
18%
Alma 6,017
12%
Ashdown 4,088
12%
Ash Flat 1,172
12%
Atkins 2,878
12%
Austin 4,027
12%
Berryville 5,763
12%
Bono 2,834
12%
Brinkley 2,538
12%
Cammack Village 748
12%
Cave Springs 6,304
12%
Cherokee Village 4,979
12%
Coal Hill 814
12%
Concord 193
12%
Danville 1,990
12%
Decatur 1,723
12%
Dermott 2,453
12%
DeWitt 2,844
12%
Diaz 1,211
12%
Dover 1,368
12%
Dumas 3,604
12%
Egypt 108
12%
Flippin 1,315
12%
Fountain Hill 102
12%
Garland 183
12%
Gateway 452
12%
Gentry 4,672
12%
Gravette 3,826
12%
Greenbrier 6,330
12%
Greenland 1,240
12%
Guy 771
12%
Hampton 1,157
12%
Hardy 773
12%
Haskell 4,279
12%
Hermitage 493
12%
Hickory Ridge 222
12%
Highland 1,047
12%
Horseshoe Bend 2,574
12%
Hoxie 2,589
12%
Huntsville 3,426
12%
Huttig 430
12%
Joiner 469
12%
Judsonia 1,900
12%
Junction City 480
12%
Lake City 2,727
12%
Lamar 1,769
12%
London 1,041
12%
Lonoke 4,287
12%
Mammoth Spring 948
12%
Mayflower 2,354
12%
McGehee 3,504
12%
Mount Pleasant 369
12%
Norfork 480
12%
North Crossett 2,583
12%
Oak Grove 393
12%
Osceola 6,496
12%
Palestine 473
12%
Parkdale 165
12%
Perry 267
12%
Perryville 1,406
12%
Piggott 3,521
12%
Portland 304
12%
Pottsville 3,301
12%
Prattsville 299
12%
Scott 28
12%
Smackover 1,573
12%
Smithville 83
12%
Stamps 1,201
12%
St. Charles 191
12%
St. Francis 209
12%
St. Paul 124
12%
Strong 398
12%
Sulphur Rock 650
12%
Sulphur Springs 1,510
12%
Taylor 556
12%
Tillar 158
12%
Tontitown 7,941
12%
Victoria 18
12%
Vilonia 4,672
12%
Waldron 3,337
12%
Wilmot 392
12%
Winchester 133
12%
Wynne 7,905
12%
Yellville 1,169
12%
Zinc 90
12%
Almyra 244
6%
Altheimer 651
6%
Altus 674
6%
Amity 677
6%
Anthonyville 131
6%
Armorel 392
6%
Aubrey 100
6%
Avilla 1,549
6%
Avoca 501
6%
Banks 82
6%
Barling 5,284
6%
Bassett 117
6%
Bay 1,817
6%
Bearden 737
6%
Beaver 68
6%
Bellefonte 421
6%
Belleville 313
6%
Bigelow 359
6%
Birdsong 31
6%
Bismarck 61
6%
Black Oak 229
6%
Black Rock 630
6%
Black Springs 93
6%
Blevins 277
6%
Blue Eye 44
6%
Bradford 681
6%
Bradley 389
6%
Buckner 153
6%
Bull Shoals 1,912
6%
Calion 412
6%
Carlisle 1,973
6%
Cash 283
6%
Centerville 194
6%
Charleston 2,731
6%
Cherokee City 356
6%
Chester 149
6%
Cincinnati 536
6%
Clarendon 1,439
6%
Clarkedale 332
6%
Collins 98
6%
Colt 282
6%
Corning 3,086
6%
Cotter 948
6%
Coy 84
6%
Crawfordsville 444
6%
Damascus 389
6%
Deer 147
6%
Dell 183
6%
Des Arc 1,841
6%
Desha 908
6%
De Valls Bluff 495
6%
Diamond City 836
6%
Donaldson 280
6%
Drasco 236
6%
Dyess 316
6%
Earle 1,741
6%
East Camden 759
6%
East End 6,344
6%
Edmondson 240
6%
Elaine 445
6%
Elkins 4,025
6%
Elm Springs 2,872
6%
El Paso 494
6%
Emerson 280
6%
Etowah 240
6%
Evening Shade 436
6%
Fairfield Bay 2,171
6%
Fargo 56
6%
Felsenthal 84
6%
Fifty-Six 162
6%
Fisher 170
6%
Foreman 936
6%
Fouke 801
6%
Fredonia 294
6%
Friendship 166
6%
Gassville 2,196
6%
Genoa 1,008
6%
Georgetown 83
6%
Gibson 4,141
6%
Gilbert 20
6%
Gillett 610
6%
Gilmore 171
6%
Glenwood 2,032
6%
Goshen 2,383
6%
Gosnell 2,689
6%
Gould 626
6%
Grady 287
6%
Green Forest 3,198
6%
Griffithville 161
6%
Gurdon 1,824
6%
Halley 10
6%
Harrell 206
6%
Harrisburg 2,200
6%
Hartford 498
6%
Haynes 114
6%
Hazen 1,388
6%
Henderson 494
6%
Hensley 27
6%
Highfill 2,793
6%
Holiday Island 2,422
6%
Holly Grove 436
6%
Horatio 916
6%
Horseshoe Lake 253
6%
Humnoke 211
6%
Humphrey 441
6%
Ivan 94
6%
Jasper 518
6%
Jennette 118
6%
Jericho 98
6%
Jerome 57
6%
Keiser 698
6%
Keo 202
6%
Kingston 123
6%
Kirby 582
6%
Knoxville 664
6%
Lacey 684
6%
Lafe 417
6%
LaGrange 46
6%
Lakeview 786
6%
Landmark 3,679
6%
Lavaca 2,528
6%
Lawson 106
6%
Leachville 1,898
6%
Lead Hill 281
6%
Leola 465
6%
Leslie 371
6%
Lewisville 867
6%
Lexa 180
6%
Lockesburg 595
6%
Louann 148
6%
Luxora 865
6%
Magazine 754
6%
Magnet Cove 818
6%
Manila 3,736
6%
Marianna 3,258
6%
Marie 97
6%
Marked Tree 2,191
6%
Marmaduke 1,244
6%
Marshall 1,320
6%
Marvell 735
6%
McAlmont 1,473
6%
McNeil 364
6%
Melbourne 1,879
6%
Menifee 313
6%
Mitchellville 259
6%
Monette 1,558
6%
Montrose 229
6%
Moro 166
6%
Mountainburg 531
6%
Mountain Pine 587
6%
Mount Holly 19
6%
Mount Vernon 147
6%
Newark 1,177
6%
New Edinburg 223
6%
Norman 305
6%
Norphlet 719
6%
Oak Grove Heights 1,163
6%
Oden 183
6%
Ogden 123
6%
Okolona 100
6%
Oppelo 763
6%
Piney 4,485
6%
Pleasant Plains 347
6%
Plumerville 749
6%
Poplar Grove 113
6%
Poyen 269
6%
Prairie Creek 2,367
6%
Prescott 2,970
6%
Ravenden 421
6%
Ravenden Springs 122
6%
Rector 1,791
6%
Redfield 1,497
6%
Reed 115
6%
Rison 937
6%
Rockwell 3,921
6%
Rose Bud 498
6%
Rye 197
6%
South Lead Hill 86
6%
Southside 4,248
6%
Sparkman 333
6%
Springtown 89
6%
Staves 163
6%
Stephens 741
6%
St. Joe 130
6%
Sunset 165
6%
Thornton 331
6%
Tinsman 52
6%
Tumbling Shoals 752
6%
Tyronza 675
6%
Ulm 178
6%
Urbana 100
6%
Wabbaseka 172
6%
Waldenburg 50
6%
Waldo 1,107
6%
Watson 165
6%
Weiner 614
6%
West Crossett 1,214
6%
West Fork 2,356
6%
West Point 172
6%
Wheatley 262
6%
Wilmar 392
6%
Wilson 704
6%
Winslow 364
6%
Woodlawn 236
6%
Woodson 724
6%
Wooster 1,101
6%
Wrightsville 1,618
6%
Acorn 115
0%
Adona 147
0%
Alicia 136
0%
Alix 87
0%
Alleene 25
0%
Allport 89
0%
Alpine 67
0%
Amagon 66
0%
Antoine 112
0%
Aplin 191
0%
Appleton 145
0%
Augusta 1,848
0%
Batavia 444
0%
Bee Branch 181
0%
Beedeville 82
0%
Ben Lomond 137
0%
Bergman 428
0%
Bethesda 136
0%
Big Flat 92
0%
Biggers 307
0%
Blue Mountain 82
0%
Bluff City 112
0%
Board Camp 76
0%
Bodcaw 117
0%
Boles 185
0%
Bonanza 607
0%
Bowman 46
0%
Branch 307
0%
Briarcliff 253
0%
Burdette 132
0%
Caddo Gap 36
0%
Caddo Valley 590
0%
Caldwell 421
0%
Cale 75
0%
Calico Rock 2,021
0%
Campbell Station 226
0%
Caraway 1,095
0%
Carthage 203
0%
Casa 128
0%
Caulksville 162
0%
Cedarville 1,452
0%
Center Point 70
0%
Center Ridge 206
0%
Central City 470
0%
Cherry Valley 575
0%
Chidester 240
0%
College Station 326
0%
Corinth 41
0%
Cotton Plant 490
0%
Cove 328
0%
Crystal Springs 302
0%
Cushman 445
0%
Daisy 85
0%
Datto 64
0%
Delaplaine 67
0%
Delight 279
0%
Dennard 381
0%
Denning 206
0%
Dierks 877
0%
Dora 73
0%
Dyer 794
0%
Edgemont 18
0%
Emmet 397
0%
Enola 327
0%
Evansville 39
0%
Everton 105
0%
Fair Oaks 62
0%
Floral 80
0%
Floyd 800
0%
Fountain Lake 472
0%
Fourche 57
0%
Fox 251
0%
Fulton 110
0%
Gamaliel 18
0%
Garner 210
0%
Gillham 156
0%
Goodwin 61
0%
Grannis 499
0%
Greenway 170
0%
Gregory 17
0%
Grubbs 302
0%
Guion 72
0%
Gum Springs 91
0%
Hackett 844
0%
Hagarville 82
0%
Hartman 514
0%
Hatfield 349
0%
Hattieville 88
0%
Havana 239
0%
Hector 419
0%
Higden 118
0%
Higginson 905
0%
Hindsville 94
0%
Holland 595
0%
Hughes 977
0%
Hunter 103
0%
Huntington 488
0%
Imboden 638
0%
Jacksonport 155
0%
Jerusalem 44
0%
Jones Mills 64
0%
Kensett 1,407
0%
Kibler 1,027
0%
Kingsland 340
0%
Knobel 145
0%
Lake Hamilton 1,912
0%
Lepanto 1,638
0%
Letona 235
0%
Lonsdale 111
0%
Lost Bridge Village 295
0%
Lynn 252
0%
Magness 225
0%
Mansfield 1,063
0%
Maynard 377
0%
Maysville 118
0%
McCaskill 54
0%
McCrory 1,460
0%
McDougal 127
0%
McNab 30
0%
McRae 618
0%
Midland 225
0%
Midway 1,668
0%
Mineral Springs 1,045
0%
Minturn 84
0%
Moorefield 125
0%
Morrison Bluff 83
0%
Morrow 324
0%
Mount Judea 69
0%
Mulberry 1,624
0%
Natural Steps 686
0%
New Blaine 358
0%
Newhope 296
0%
Nimmons 65
0%
Oakhaven 63
0%
Oakland 141
0%
Oark 16
0%
Oil Trough 221
0%
O'Kean 196
0%
Ola 927
0%
Omaha 131
0%
Oxford 604
0%
Ozan 46
0%
Ozark Acres 664
0%
Ozone 25
0%
Pangburn 498
0%
Parkin 771
0%
Patmos 53
0%
Patterson 285
0%
Payneway 125
0%
Peach Orchard 103
0%
Pearcy 343
0%
Pencil Bluff 28
0%
Perla 252
0%
Perrytown 222
0%
Pindall 101
0%
Pineville 163
0%
Plainview 461
0%
Pleasant Grove 255
0%
Pollard 185
0%
Ponca 70
0%
Portia 473
0%
Powhatan 102
0%
Princeton 5
0%
Pyatt 190
0%
Quitman 701
0%
Ratcliff 166
0%
Reader 78
0%
Reyno 393
0%
Rivervale 68
0%
Rockport 710
0%
Roe 68
0%
Roland 1,222
0%
Rondo 151
0%
Rosston 265
0%
Rover 156
0%
Rudy 130
0%
Salado 443
0%
Salesville 516
0%
Saratoga 16
0%
Sardis 657
0%
Scranton 260
0%
Sedgwick 157
0%
Shannon Hills 4,740
0%
Sherrill 51
0%
Shirley 246
0%
Sidney 203
0%
Strawberry 261
0%
Subiaco 404
0%
Success 95
0%
Summers 271
0%
Summit 533
0%
Sweet Home 1,206
0%
Swifton 709
0%
Tollette 183
0%
Traskwood 520
0%
Tucker 109
0%
Tuckerman 1,664
0%
Tull 496
0%
Tupelo 70
0%
Turrell 492
0%
Twin Groves 321
0%
Uniontown 136
0%
Valley Springs 182
0%
Vandervoort 113
0%
Vanndale 356
0%
Viola 372
0%
Violet Hill 67
0%
Walcott 341
0%
Warm Springs 62
0%
Wayton 213
0%
Weldon 58
0%
Wesley 491
0%
Western Grove 347
0%
Whelen Springs 44
0%
Wickes 655
0%
Widener 200
0%
Wiederkehr Village 49
0%
Wilburn 314
0%
Williford 82
0%
Willisville 145
0%
Wilton 283
0%
Winthrop 114
0%
Witts Springs 50
0%
Yarborough Landing 332
0%
No matching quizzes found
Score Distribution
Percent of People with Each Score
Percentile by Number Answered
Your Score History
You have not taken this quiz since the last reset